000 01701nam a22002897i 4500
999 _c23649
_d23649
003 AR-CdUCM
008 260428b d|||| |||| 00| 0 spa d
020 _a978-84-18139-02-4
040 _aMUNICIPALIDAD PROVINCIAL DEL CUSCO
_cBIBLIOTECA MUNICIPAL DEL CUSCO
041 _hspa
082 _a616.898
_bA45
100 _aAlonso Peña, José Ramón - Alonso Esquisábel, Irene
_952756
245 _aEl autismo :
_bReflexiones y pautas para comprenderlo y abordarlo /
260 _aBarcelona, España :
_bShackleton Books
_c2020
300 _a205 páginas. :
_c14x21 cm.
500 _zBibliografía : páginas del 201 - 203
505 _aIntroducción al trastorno del espectro autista -- Historia y evolución del concepto de autismo -- Características principales del TEA -- Diagnóstico y detección temprana -- Bases neurológicas del autismo -- Factores genéticos y ambientales -- Desarrollo cognitivo en personas con autismo -- Lenguaje y comunicación en el TEA -- Conductas repetitivas y patrones de comportamiento -- Procesamiento sensorial en el autismo -- Intervención temprana y terapias -- Educación inclusiva y estrategias pedagógicas -- Papel de la familia en el desarrollo -- Autonomía e inclusión social -- Mitos y realidades sobre el autismo -- Perspectivas actuales y futuras investigaciones
650 _aTrastorno del espectro autista
_952757
650 _aAutismo - Diagnóstico
_952758
650 _aAutismo - Tratamiento
_952759
650 _aNiños autistas - Educación
_952760
650 _aDesarrollo infantil
_925147
650 _aPsicología del desarrollo
_952761
856 _fshackletonbooks.com
942 _2ddc
_cLIBROS
945 _aesh
_d28-04-2026